[Event "Oregon Open U1700"]
[Site "Portland, OR"]
[Date "2024.09.02"]
[Round "5"]
[White "Davies, Cedric"]
[Black "Scarborough, Laurel"]
[Result "0-1"]
[WhiteElo "1577"]
[BlackElo "1265"]
[Annotator "Davies,Cedric"]
[PlyCount "122"]
[GameId "2085995860912314"]
[EventDate "2024.08.31"]
[EventType "swiss"]
[EventRounds "6"]
[EventCountry "USA"]

{[%evp 0,122,17,13,76,67,77,60,51,31,18,38,23,25,77,75,113,87,93,66,88,79,73,75,95,87,79,79,98,66,52,33,29,30,25,41,41,38,43,50,56,58,106,122,114,110,126,123,157,201,214,118,130,11,84,51,93,0,39,32,32,35,34,-44,150,-24,97,32,145,188,176,105,204,25,75,68,60,60,227,220,222,113,143,-98,-104,-1184,-1255,-1285,-1329,-1362,-241,-298,-160,-293,-316,-359,-368,-358,-363,-375,-238,-244,-302,-371,-383,-383,-383,-419,-435,-450,-478,-535,-561,-586,-659,-805,-931,-962,-1011,-1917,-28568,-29975,-29976,-29999,-29999] Going into the 5th round, my opponent and I were tied for clear first with a score of 3.5 each. Although he had a low rating, I saw that he had beat a 1600 and a 1500, so he was not to be underestimated. I was in charge most of the game, but Laurel was tenacious in his fighting spirit to generate counterplay, not afraid to make sacrifices. His resourcefulness at the end of the game to generate counterplay against my King while keeping an eye on my passed pawn was well done. I aided in his quest with a terrible 41. Rh3?? blunder that sealed my fate. If I had won this game, I would have won the tournament. An unfortunate error, but that is life, and it is for interesting chess games that we play.} 1. e4 c6 2. d4 d5 3. exd5 cxd5 4. Bd3 Nf6 5. c3 Nc6 6. Bf4 Qa5 $6 {Unusual - not sure this does anything, other than a one move threat on d4. Black ends up wasting a move} 7. Nf3 Bg4 8. Nbd2 e6 9. Qb3 Qb6 {The prior Qa5 move makes this the only sensible way to gaurd the b-pawn, but the resulting pawn structure is terrible for Black} 10. Qxb6 axb6 $14 11. Ne5 Nh5 12. Be3 Nf6 {He smartly brings his Knight back} (12... Nxe5 $2 13. dxe5 Bc5 {I had this exact position in my 3rd round game, though messed it up by not playing the best line.} 14. Bxc5 bxc5 15. h3 Bf5 16. Bb5+ Ke7 17. g4 $18) 13. h3 Bh5 14. g4 Bg6 15. Nxg6 {Idea here is to trade off the Bishop for a Knight, making my d3 Bishop the boss of the light-squares. It also gives me the potential for a passed pawn on the h-file. This is a sound judgement. But better was to avoid the trade with Bb5, play h4, forcing h6 in reply, and only then make the trade, leaving Black with a really bad pawn structure} (15. Bb5 $142 Rc8 16. h4 h6 17. Nxg6 fxg6 $16 {And Black's pawn structure is terrible}) 15... hxg6 $14 16. Ke2 {I wanted to bring my King to g2 by playing Kf1 first, but realize that fails to Nxg4. So I move the King up, uniting the Rooks.} Bd6 17. f4 Ke7 18. Kf3 Ra5 19. a3 Nd7 {[#] Here I thought that Black was planning to play f5, so I play the Rook to the g-file to prevent it} 20. Rag1 g5 $5 {A dubious, though daring sacrifice to at least get some freedom for Black's pieces. At first I thought it was quite good, for if I take later on e5, his pieces come alive. Then I realized I don't need to take on e5, and can just calmly step away from the fork on e4} 21. fxg5 e5 22. Kg2 e4 23. Bc2 Rc8 {[#] A confusing move at first. I then realized that Black was likely planning a sacrifice on the a3 pawn, but it didn't look sound, so I didn't work to prevent it.} 24. Bb3 {Putting pressure on d5 and preventing b5. Although I wasn't planning it, c4 is also a strong threat.} Nd8 25. Rf1 {In retrospect, I don't like this move. I think it would have been better to prepare for Black's sac by shoring up the e3 Bishop with Re1. But h5 starting on my outside passed pawn may be better, or even c4. The idea here was to threaten Rf5, picking up the d5 pawn, but it's maybe a little slow.} Bxa3 $5 {Another daring sacrifice! Black isn't sitting back to let me control the flow of the game. He ends up picking up 3 pawns, with counterplay. Before the sac, I thought it was unsound cause I would win the d5 pawn, not realizing the threats to my e3 Bishop.} 26. bxa3 ({Computer recommends to not accept the sacrifice} 26. Rb1 Ne6 27. h4 $18) 26... Rxc3 27. Kf2 Rxa3 28. Re1 $5 {I choose to allow Black to exchange his Rook for 2 pieces. I figure I don't need to waste time protecting the Bishop and then will be free to push my passed h-pawn. Computer seems to agree.} Raxb3 29. Nxb3 Rxb3 30. h4 {[#] The h-pawn should be the deciding factor in the game... if I had played it right} Ne6 31. Re2 $2 {I'm wasting too much time playing prophylactic moves here. I need to get on with it by pushing h5!} Nf4 32. Rd2 $2 {I saw that if I captured the Knight, he had a Rook check on f3 that looked a little dangerous. I stopped my calculation here, not a good choice. If I had looked deeper, I would have seen that the Rook check amounted to nothing..} (32. Bxf4 $142 Rf3+ 33. Kg2 Rxf4 34. Rf2 $1 {And the Black Rook is forced to trade itself, making it an easily winnable game for White} Rxf2+ (34... Rxg4+ $4 35. Kh3 {The Rook is trapped}) 35. Kxf2 $18) 32... Nf8 $2 (32... f6 $1 $11 33. gxf6+ (33. Bxf4 Rf3+ 34. Kg2 Rxf4 $11) 33... Nxf6 34. Bxf4 Rf3+ 35. Ke1 Rxf4 36. Rg2 Rxg4 37. Rxg4 Nxg4 $11) 33. h5 {A good move, but I still had the chance here to take the f4 Knight and trade the Rook, which was better} N8e6 34. h6 Ng6 35. Ra2 $2 {Getting greedy! Much better to push h7 right away and either force the Knight to the corner or pick it up on the next move. I was too ambitious, thinking I could get my other Rook around quickly to prevent the Knight from stopping the pawn. By sending this Rook to the back rank, I end up leaving my King vulnerable.} (35. h7 $142 Nh8 36. Rc2 Kd7 37. Ra1 b5 38. Ra8 Nd8 39. Rcc8 $18) 35... Rc3 36. Ra8 Rc2+ 37. Ke1 gxh6 38. gxh6 Nef4 39. Kd1 Rb2 {My original plan here was to continue with Kc1 until I realized Nd3+ protects the Rook. I therefore, switched plans cause I thought I could use Bxf4 to draw the Knight away from stopping the h-pawn} 40. Bxf4 ({But much better is} 40. Bc1 {unfortunately it never crossed my mind during the game} Rb1 41. Kc2 {Cleanly shuts down the active Rook} Rxc1+ 42. Kxc1 Nf8 43. Kd2 N4e6 44. h7 (44. Ke3 Ng5) 44... Nxh7 45. Rxh7 Nxd4 $18) 40... Nxf4 {[#]} 41. Rh3 $4 {And here I made the losing move. A complete blunder and it looks silly, but I actually thought it was brillant at the time. For one, it defends along the 3rd rank, so if the Knight goes to d3, I will snap it off. And I thought Black couldn't take the Rook, because it would take the Knight away from stopping the passed pawn, along with clogging up the h-file. But, I did not think through the possible checks and weakness of my own King as we shall see. I had maybe about 8 minutes on my clock at this time, so I should have calculated this out better.} (41. Rh5 $1 {This also sacrifices the Rook, but on a much better square, where I can take back with the g-pawn and really clog up the h-file} Nd3 (41... e3 42. Re5+ Kd6 43. Rxe3 Rh2 44. Rd8+ Kc6 (44... Kc7 45. Rf8 $18) 45. Rf3 Ng6 46. g5 $18 {White's King is safe, his passed pawn is dangerous and his active Rooks easily win the day}) 42. h7 e3 {This comes with a mate threat, but we can stop it} 43. Re8+ $5 {Cute, although Re5+ also works and is simpler} (43. Re5+ Nxe5 44. dxe5 Rb1+ 45. Ke2 Rh1 46. h8=Q Rxh8 47. Rxh8 $18) 43... Kxe8 44. h8=Q+ Kd7 45. Rh2 $18 Nf2+ 46. Ke1 Nd3+ 47. Kf1 e2+ 48. Rxe2 Rb1+ 49. Kg2 Nf4+ 50. Kf3 Nxe2 51. Kxe2 $18) 41... Nxh3 42. h7 $2 (42. Kc1 $142 Rh2 43. h7 Nf2 44. h8=Q Rxh8 45. Rxh8 Nxg4 $19) 42... Nf2+ ({Worse is} 42... Rh2 43. h8=Q Nf2+ 44. Ke2 Rxh8 45. Rxh8 Nxg4 46. Rb8) 43. Ke1 Nd3+ 44. Kf1 (44. Kd1 $4 e3 {And White can't prevent mate} 45. Re8+ Kxe8 46. h8=Q+ Kd7 {Any White move, then Rd2#}) 44... Rb1+ (44... e3 $142 $1 45. h8=Q e2+ 46. Kg2 e1=Q+ 47. Kh3 (47. Kf3 Qf2#) 47... Nf4#) 45. Kg2 Nf4+ 46. Kf2 $2 ({Although still losing, this is a much better attempt. At the time I had about 1 minute left on my clock, and I felt intuitively that I needed to stay close to Black's passed e-pawn} 46. Kh2 Ng6 47. Rg8 e3 48. Rxg6 e2 49. h8=Q Rh1+ $1 50. Kxh1 e1=Q+ 51. Kg2 Qe4+ 52. Kg3 Qxg6 $19) 46... Ng6 47. h8=Q Nxh8 48. Rxh8 {[#] The battle of the h-pawn has finally settled, but in Black's flavor. We reach a Rook ending with Black up 3 pawns, way too much for me to handle. Even with the low time, the rest of the game was easy for Black to win.} Rd1 49. Rb8 Rd2+ 50. Ke3 Rd3+ 51. Ke2 Rxd4 52. Rxb7+ Kf6 53. Rxb6+ Kg5 54. Rd6 Kxg4 55. Rf6 Ra4 56. Rxf7 d4 57. Rd7 Ra2+ 58. Ke1 d3 59. Rf7 e3 60. Rg7+ Kf5 61. Rd7 Ra1# {Disapointing, in that I had a winning edge for a large part of the game and then ruined it with one bad move. But Black played well to generate counterplay. I definetly realize now with post game analysis, that I had a lot of better options for stopping Black's counterplay. For example the line when he first plays Nf4, to take the Knight with my Bishop and force a Rook trade. Live and learn, this is why we play chess, to have hard fought, interesting games.} 0-1

[Event "Oregon Open U1700"]
[Site "Portland, OR"]
[Date "2024.09.02"]
[Round "6"]
[White "Kesey, Caleb"]
[Black "Nicoski, Aaron"]
[Result "0-1"]
[WhiteElo "1547"]
[BlackElo "1635"]
[Annotator "Aaron Nicoski"]
[PlyCount "94"]
[GameId "509244695951"]
[EventDate "2024.08.31"]
[EventType "swiss"]
[EventRounds "6"]
[EventCountry "USA"]

{[%evp 0,94,19,19,14,-4,45,15,29,12,50,50,50,48,37,14,10,22,26,-16,-19,-31,-36,-36,-36,-22,-40,-24,50,-48,-5,-8,-14,-30,-23,-33,-36,-27,-10,-23,11,-176,-148,-572,-448,-1364,-1397,-1403,-772,-838,-705,-722,-624,-775,-800,-796,-789,-789,-762,-803,-660,-1207,-670,-697,-656,-860,-838,-839,-887,-1015,-882,-853,-669,-674,-684,-689,-707,-725,-682,-740,-751,-775,-880,-1515,-831,-857,-857,-1142,-1199,-1443,-967,-967,-1014,-1229,-1262,-1262,-1267] Final round of the tournament! My opponent played the opening well but unfortunately spent way too much of his time in doing so. By move 15 or so, he already had less than 10 minutes on his clock.} 1. d4 d5 2. c4 c6 3. Nc3 Nf6 4. Nf3 e6 5. e3 Nbd7 6. Bd3 dxc4 7. Bxc4 b5 8. Bd3 a6 9. e4 c5 10. O-O (10. e5 cxd4 11. Nxb5 $1 axb5 12. exf6 gxf6 {is the main line}) (10. dxc5 $2 Nxc5) (10. d5 $6 exd5 11. exd5 Bd6) 10... cxd4 11. Nxd4 Bb7 12. Re1 Bc5 (12... Bd6 $1 {would have been a better spot for my Bishop controlling the e5 square}) 13. Nb3 Bb6 14. Be3 O-O 15. e5 Nd5 (15... Nxe5 $4 16. Bxb6 $18) 16. Bxb6 N7xb6 17. Ne4 Nf4 $5 18. Nbc5 Bd5 19. Re3 Nc4 20. Rg3 $4 (20. Bxc4 $7 {must be played so as to not lose the CRITICAL e5 pawn} Bxc4 21. Qg4 Ng6 22. Rd1 $13) 20... Nxe5 $17 21. Rg5 f5 22. g3 Nh3+ 23. Kf1 Nxg5 24. Nxg5 Qxg5 25. f4 Qg4 26. fxe5 Qh3+ 27. Ke1 Qxh2 28. Rc1 Qxg3+ 29. Kd2 Qf2+ 30. Be2 Qd4+ 31. Nd3 Rac8 32. Rxc8 Rxc8 33. Ke1 Qg1+ 34. Bf1 Bg2 35. Qe2 Qxf1+ 36. Qxf1 Bxf1 37. Kxf1 Rc2 38. a3 g5 39. Ke1 h5 40. Kd1 Rg2 41. Nc5 Rxb2 42. Nxe6 g4 43. Nf4 h4 44. e6 Kf8 45. Ng6+ Ke8 46. Nxh4 g3 47. Kc1 Rh2 0-1

[Event "Oregon Open U1400"]
[Site "Portland, OR"]
[Date "2024.08.31"]
[Round "2"]
[White "Fonseca, Kenzo"]
[Black "Yuon, Chen"]
[Result "1-0"]
[WhiteElo "1314"]
[BlackElo "1226"]
[Annotator "Kenzo Fonseca"]
[PlyCount "149"]
[GameId "2093133830639703"]
[EventDate "2024.08.31"]
[EventType "swiss"]
[EventRounds "6"]
[EventCountry "USA"]

{[%evp 0,149,20,13,20,18,20,23,-1,-10,-4,-10,-10,-14,1,-5,-14,-14,7,0,24,24,35,26,40,38,26,26,63,1,-4,-31,25,25,41,42,41,41,50,28,46,30,63,39,49,28,47,47,41,-20,41,39,41,42,50,46,75,46,46,46,46,15,26,6,19,19,30,5,37,26,37,0,537,521,599,309,309,287,288,287,287,183,458,348,518,287,287,277,728,241,247,262,300,226,287,279,271,271,291,312,495,496,585,588,588,600,596,596,669,696,752,765,1162,1271,1455,1465,1828,2020,2196,2196,28567,29959,28020,29972,29973,29974,29977,29978,29979,29980,29979,29978,29979,29980,29981,29980,29985,29986,29987,29988,29989,29988,29991,29992,29993,29994,29995,29996,29997,29998,29999,29999]} 1. e4 e5 2. Nf3 Nc6 3. Bc4 Bc5 4. c3 Nf6 5. d4 {A basic opening line that allows for aggressive play or a simple draw when needed} exd4 6. e5 d5 {This is the only good move for black and is a very thematic move as black when playing into e4 openings.} 7. Bb5 {Redirecting the Bishop to pin the knight, while I could trade the minor peices the position isn't the most comfortable.} Ne4 8. cxd4 Bb4+ 9. Bd2 {Most people play Nbd2 which while is good isn't the best, this allows me to force black to respond and allows me to develop easily} Nxd2 10. Nbxd2 Bg4 {Chen plays a line which allows him to simplify the position to make drawing easier.} 11. O-O {I unpin the knight hoping chen doesn't take my d2 knight to keep the game complicated.} Bxd2 {To my dismay Chen is playing for a draw and decides to simplify the position} 12. Qxd2 Bxf3 13. gxf3 Qd7 {Chen unpins his knight, here I think about moving the king out of the open file, but instead decide to attack his pawn, to force him to make decisions. When you are the stronger player you should make your opponent have to consider more options.} 14. Qg5 O-O 15. Kh1 {Now I move the king away from the open file to remove any chances of black taking the queens off the board.} h6 $6 {Inaccuracy. f6 was best.} (15... f6 16. Bxc6) 16. Qg3 a6 17. Rg1 {An intermezzo threatening mate aswell as creating a battery I can possibly use later on.} g6 18. Bxc6 bxc6 19. Rae1 Qe6 20. f4 {Here I opened up the row for my queen to allow me to easily defend my queenside pawns.} Rae8 $6 {Inaccuracy. c5 was best.} (20... c5 21. dxc5 Kh7 22. a3 Rab8 23. b4 a5 24. Rb1 axb4 25. axb4 Rb5 26. Qd3) 21. Qf3 $6 {Inaccuracy. Rc1 was best. I am sliding my queen to the side to create a battery which I am hoping to use later on to break through blacks pawn structure.} (21. Rc1 Kh7) 21... Qf5 22. Rg3 Kh7 {Chen sees my ideas and brings his king up to defend the g6 pawn aswell as remove his king from the semi-open file.} 23. Rc1 Re6 24. Qa3 $6 {Inaccuracy. b3 was best.} (24. b3 f6) 24... Ra8 $6 {Inaccuracy. Rb8 was best.} (24... Rb8 25. Rf3) 25. Qe3 Rf8 26. f3 $6 {Inaccuracy. Kg2 was best. preventing possible queen trades, in hindsight its not the best since i cut off defense for the f4 pawn} (26. Kg2 f6) 26... Rb8 27. b3 Rf8 28. Rcg1 $6 {Inaccuracy. h4 was best.} (28. h4) 28... Rb8 29. Rg4 Rf8 $6 {Inaccuracy. Rb5 was best.} (29... Rb5 30. Rc1 c5 31. Rxc5 Rxc5 32. dxc5 a5 33. Rg1 c6 34. Re1 g5 35. fxg5) 30. Qe2 $6 {Inaccuracy. Rc1 was best. Here I am preparing to add the queen to my battery} (30. Rc1) 30... Ra8 31. Rh4 {I threaten Rg5 tactics aswell as a possible sac on h6} Kg7 32. Qg2 Rf8 $6 {Inaccuracy. c5 was best.} (32... c5 33. dxc5 Rb8 34. Qg4 Qxg4 35. Rhxg4 Rb5 36. c6 Kf8 37. Rc1 Rb4 38. Rc5) 33. Rg4 $6 {Inaccuracy. Qh3 was best.} (33. Qh3 Qxh3) 33... Rg8 34. Qh3 {this allows for potential tactics like Rxg6 aswell as adding pressure to the h6 pawn} Qd3 $6 {Inaccuracy. Kh7 was best.} (34... Kh7 35. Rc1) 35. R4g3 $6 {Inaccuracy. Qf1 was best. My idea is to take advantage of the diagonal that can be used to infiltrate blacks side of the board aswell as tactics that include Qxe6. I also am threatening f5} (35. Qf1 Qxf1 36. Rxf1 f5 37. Rg2 Rb8 38. Rd2 a5 39. Kg2 Rb4 40. h4 a4) 35... Kh7 $4 {Blunder. Qxd4 was best. Chen is scared by the battery and my f5 ideas, however this just allows f5 to work} (35... Qxd4) 36. f5 Ree8 {Chen adds a defender to his rook but its too late now} 37. fxg6+ fxg6 38. Rxg6 $3 {This threatens mate aswell as winning material, blacks only choice is to take with the queen or i ended up winning both rooks with tempo} Qxg6 39. Rxg6 Kxg6 40. f4 $6 {Inaccuracy. Qg4+ was best. This was unnecessary since g5 is already stopped with Qg5, my plan was to trap the king on their side of the board, however it already is trapped} (40. Qg4+ Kf7 41. Qh5+ Ke7 42. f4 Ref8 43. f5 Kd8 44. f6 Rg5 45. Qf3 Rg6) 40... Rgf8 $4 {Blunder. Ref8 was best.} (40... Ref8) 41. Qd7 {Now invade the queenside and gobble up the pawns} Rg8 $6 {Inaccuracy. c5 was best.} (41... c5 42. dxc5 a5 43. Kg2 Rb8 44. Qe6+ Kh7 45. Kf3 a4 46. f5 Rg8 47. Qxd5) 42. Qxc6+ $4 {Blunder. f5+ was best. I thought about f5 but I didn't play it for since I was scared their might be draw/checkmate ideas, a sad miss} (42. f5+ Kg5 43. f6 Ra8 44. f7 Rgb8 45. Qe7+ Kg4 46. Qe6+ Kf3 47. Qf6+ Ke2) 42... Kf5 43. Qxd5 Re6 $4 {Blunder. Kxf4 was best.} (43... Kxf4 44. e6) 44. Qf3 $4 {Blunder. Qd7 was best. I missed Qd7 which pins the e6 rook and allows me to win the rook or rooks, instead i defend a pawn that cannot be saved} (44. Qd7 Kxf4 45. Qxe6 Rg5 46. Qf7+ Rf5 47. Qc4 Kg5 48. Qe2 c6 49. h3 Kh4) 44... Reg6 {a crucial moment where i am considering h3 or Qf7} 45. Qf2 {I choose Qf7 which is best since the mate threat is defended and I don't allow Rg3} Rg4 46. h3 Rxf4 47. Qc2+ {I force black to pin his own rook which allows me to safely push the pawns} Re4 48. e6 Re8 $2 {Mistake. Rg7 was best.} (48... Rg7 49. b4) 49. d5 c6 $2 {Mistake. Rg8 was best. A final attempt by Chen which hopes to unpin the rook or win the pawn unfortunately for him the pin stops the plan of R4xe6} (49... Rg8 50. e7) 50. dxc6 R8xe6 51. c7 Re8 52. c8=Q+ Rxc8 53. Qxc8+ Kf4 54. Qxa6 Re1+ 55. Kg2 Rd1 $6 {Inaccuracy. Re5 was best.} (55... Re5 56. Qc4+ Kf5 57. h4 Kg6 58. a4 Re7 59. a5 Kg7 60. a6 Kh7 61. Kf3) 56. Qf6+ Ke3 57. Qf3+ Kd2 58. Qxd1+ {getting rid of blacks last piece that is capable of causing a threat} Kxd1 59. a4 Kc2 60. a5 Kxb3 61. a6 h5 $6 {Checkmate is now unavoidable. Kc4 was best.} (61... Kc4 62. Kf3 Kd4 63. a7 Ke5 64. Kg4 Kf6 65. Kh5 Ke5 66. Kxh6 Kd5 67. Kg6) 62. a7 h4 63. a8=Q Kc4 64. Qe4+ Kc5 65. Qd3 Kc6 66. Qd4 Kc7 67. Qd5 Kb6 68. Qc4 Kb7 69. Qc5 Kb8 70. Qe7 Ka8 71. Kf3 Kb8 72. Ke4 Ka8 73. Kd5 Kb8 74. Kc6 Ka8 75. Qb7# 1-0

[Event "Oregon Open U1400"]
[Site "Portland, OR"]
[Date "2024.09.01"]
[Round "4"]
[White "Ho, William"]
[Black "Krishnan, Advait"]
[Result "0-1"]
[WhiteElo "1200"]
[BlackElo "1377"]
[PlyCount "120"]
[GameId "2094537730945035"]
[EventDate "2024.08.31"]
[EventType "swiss"]
[EventRounds "6"]
[EventCountry "USA"]

1. e4 e6 2. d4 d5 3. e5 c5 4. c3 Qb6 5. Nf3 Bd7 6. a3 cxd4 7. cxd4 Ne7 8. b4 Bb5 9. Bd3 Qa6 10. Bxb5+ Qxb5 11. Nc3 Qd7 12. Bb2 Nbc6 13. Rc1 Nc8 14. Na4 Nb6 15. Nxb6 axb6 16. O-O Be7 17. Qd3 O-O 18. Qb5 Rfc8 19. Qxb6 Bd8 20. Qc5 Na5 21. Qd6 Qxd6 22. exd6 Nc4 23. d7 Rc7 24. Ne5 b5 25. Nxc4 dxc4 26. Rfe1 Rxd7 27. Re5 Rd5 28. Rce1 Bf6 29. Rxd5 exd5 30. f3 Rc8 31. Bc3 Kf8 32. Kf2 Ra8 33. Ra1 Ke7 34. Ke3 Kd6 35. Kf4 h6 36. Bb2 Re8 37. Rb1 Re2 38. g4 Rxh2 39. Ba1 Rg2 40. Ke3 Bg5+ 41. f4 Rg3+ 42. Kf2 Bxf4 43. a4 bxa4 44. b5 Rb3 45. Rd1 Rxb5 46. g5 Bxg5 47. Bc3 Rb3 48. Ba5 c3 49. Bxc3 Rxc3 50. Ra1 Rc4 51. Kf3 Rxd4 52. Rb1 Kc6 53. Rb8 a3 54. Rc8+ Kb7 55. Rc2 Rd2 56. Kg4 Rxc2 57. Kf5 a2 58. Ke5 a1=Q+ 59. Kd6 Qa6+ 60. Ke5 Qe6+ 0-1